[Event "Dos Hermanas Internet f"]
[Site "Internet Chess Club"]
[Date "2005.03.26"]
[Round "1.2"]
[White "Zhang Pengxiang"]
[Black "Zhao Xue"]
[Result "1-0"]
[WhiteElo "2560"]
[BlackElo "2502"]
[PlyCount "117"]
[EventDate "2005.03.11"]
[EventType "k.o."]
[EventRounds "5"]
[EventCountry "ESP"]
[Source "ChessBase"]
[SourceDate "2005.05.10"]

1. d4 Nf6 2. c4 e6 3. Nc3 Bb4 4. e3 O-O 5. Nge2 d5 6. a3 Be7 7. Nf4 dxc4 8.
Bxc4 c5 9. d5 exd5 10. Ncxd5 Nxd5 11. Nxd5 Be6 12. O-O Nc6 13. b3 Bf6 14. Ra2
Na5 15. Rd2 Nxc4 16. bxc4 Bxd5 17. Rxd5 Qe7 18. Qg4 Rad8 19. Rfd1 Rxd5 20. Rxd5
Rd8 21. g3 g6 22. e4 Kg7 23. Bf4 Rxd5 24. cxd5 Be5 25. Bg5 f6 26. Be3 c4 27.
Bxa7 c3 28. Qc8 Bc7 29. Qxb7 c2 30. Qc6 Ba5 31. Bd4 Qxe4 32. Qxf6+ Kh6 33. Qg7+
Kg5 34. h4+ Kg4 35. Qd7+ Kf3 36. Be3 Qxe3 37. Qf7+ Ke2 38. fxe3 c1=Q+ 39. Kg2
Qd2 40. Qf2+ Kd3 41. Qxd2+ Kxd2 42. Kf3 Kd3 43. d6 Kc4 44. Ke4 Kc5 45. Ke5 Be1
46. d7 Bxg3+ 47. Ke6 Bxh4 48. e4 Bd8 49. e5 Kc6 50. a4 h5 51. a5 Bxa5 52. Ke7
Kd5 53. e6 h4 54. Kf7 h3 55. e7 h2 56. e8=Q h1=Q 57. Qa8+ Kd6 58. Qxh1 Kxd7 59.
Kxg6 1-0

[Event "Dos Hermanas Internet f"]
[Site "Internet Chess Club"]
[Date "2005.03.27"]
[Round "3.2"]
[White "Volkov, Sergey"]
[Black "Zhao Xue"]
[Result "1/2-1/2"]
[WhiteElo "2612"]
[BlackElo "2502"]
[PlyCount "131"]
[EventDate "2005.03.11"]
[EventType "k.o."]
[EventRounds "5"]
[EventCountry "ESP"]
[Source "ChessBase"]
[SourceDate "2005.05.10"]

1. d4 Nf6 2. c4 e6 3. Nc3 Bb4 4. e3 O-O 5. Nge2 d5 6. a3 Be7 7. cxd5 exd5 8. g3
Re8 9. Bg2 c6 10. O-O Nbd7 11. b4 Nb6 12. b5 Bd6 13. bxc6 bxc6 14. a4 Nc4 15.
Kh1 h6 16. Qc2 Rb8 17. Qd3 Qa5 18. Kg1 Bf8 19. Qc2 Ba6 20. Rd1 Rb7 21. Nf4 Reb8
22. Nd3 Rb3 23. Ne2 Ne4 24. Bf1 Qd8 25. f3 Ng5 26. Bg2 Qf6 27. Nef4 Ne6 28.
Nxe6 fxe6 29. Ra2 Qg6 30. Nf4 Qxc2 31. Rxc2 Nxe3 32. Bxe3 Rxe3 33. Rxc6 Bc8 34.
Rdc1 Bd7 35. Rc7 Bxa4 36. Rxa7 Be8 37. Ra6 Bf7 38. Kf2 Ra3 39. Rxa3 Bxa3 40.
Re1 Bb2 41. Nxe6 Rb6 42. Bh3 Bc3 43. Re2 Bg6 44. Kg2 Bd3 45. Ra2 Bc4 46. Rc2
Ba1 47. f4 Rb1 48. Bg4 Re1 49. h4 h5 50. Bf5 g6 51. Bh3 Kf7 52. Ng5+ Kf6 53.
Kh2 Re2+ 54. Rxe2 Bxe2 55. Bg2 Bc4 56. Nf3 Bc3 57. Kg1 Be2 58. Kh2 Kf5 59. Ng1
Bc4 60. Nf3 Be2 61. Ng1 Bc4 62. Nf3 Be2 63. Kh3 Bc4 64. Kh2 Ba1 65. Kh3 Bc3 66.
Kh2 1/2-1/2

[Event "Coventry op"]
[Site "Coventry"]
[Date "2005.03.27"]
[Round "7"]
[White "Conquest, Stuart"]
[Black "Cherniaev, Alexander"]
[Result "1/2-1/2"]
[WhiteElo "2513"]
[BlackElo "2509"]
[PlyCount "72"]
[EventDate "2005.03.24"]
[EventType "swiss"]
[EventRounds "9"]
[EventCountry "ENG"]
[Source "ChessBase"]
[SourceDate "2005.05.10"]

1. d4 Nf6 2. c4 e6 3. Nc3 Bb4 4. e3 b6 5. Nge2 Ba6 6. a3 Bxc3+ 7. Nxc3 d5 8.
cxd5 Bxf1 9. Kxf1 Nxd5 10. Bd2 O-O 11. Qf3 Qd7 12. Rc1 Nxc3 13. Bxc3 Nc6 14. g3
Rfc8 15. Kg2 Ne7 16. Rhd1 Nd5 17. Be1 f5 18. Rc2 a5 19. Rdc1 c6 20. Qe2 a4 21.
f3 b5 22. e4 fxe4 23. fxe4 Nb6 24. Bb4 Nc4 25. Bc5 Qf7 26. Rf1 Qg6 27. Rc3 Rd8
28. Rd3 h6 29. h3 e5 30. dxe5 Nxe5 31. Rd4 Rxd4 32. Bxd4 Re8 33. Rf4 Qd6 34.
Bc3 Ng6 35. Rg4 Ne5 36. Rf4 Ng6 1/2-1/2

[Event "Dubai op 7th"]
[Site "Dubai"]
[Date "2005.04.06"]
[Round "3"]
[White "Volkov, Sergey"]
[Black "Koneru, Humpy"]
[Result "1/2-1/2"]
[WhiteElo "2634"]
[BlackElo "2508"]
[PlyCount "120"]
[EventDate "2005.04.04"]
[EventType "swiss"]
[EventRounds "9"]
[EventCountry "UAE"]
[Source "ChessBase"]
[SourceDate "2005.05.10"]

1. d4 Nf6 2. c4 e6 3. Nc3 Bb4 4. e3 O-O 5. Nge2 d5 6. a3 Be7 7. cxd5 Nxd5 8.
Bd2 Nd7 9. Nxd5 exd5 10. Rc1 c6 11. Bb4 Bxb4+ 12. axb4 Qe7 13. b5 Qb4+ 14. Nc3
Qxb2 15. Bd3 Nf6 16. O-O Qb4 17. bxc6 bxc6 18. Qc2 Qd6 19. h3 a5 20. e4 dxe4
21. Nxe4 Qxd4 22. Rfd1 Be6 23. Ng5 Qh4 24. Nxe6 fxe6 25. Qxc6 Nh5 26. Qxe6+ Kh8
27. Qb6 Nf4 28. Bf1 a4 29. Ra1 Rab8 30. Qd4 Rbd8 31. Qc5 Rc8 32. Qe3 Rce8 33.
Qg3 Ne2+ 34. Bxe2 Qxg3 35. fxg3 Rxe2 36. Rxa4 h6 37. Kh2 Rff2 38. Rg1 Kh7 39.
h4 Ra2 40. Rg4 Rab2 41. Kh3 Ra2 42. Re4 Rae2 43. Rf4 h5 44. Rxf2 Rxf2 45. g4
hxg4+ 46. Kxg4 Ra2 47. g3 Ra4+ 48. Kh3 g5 49. h5 Ra3 50. Kg4 Kh6 51. Re1 Ra4+
52. Kf5 Ra5+ 53. Re5 Rxe5+ 54. Kxe5 Kxh5 55. Kf5 g4 56. Ke4 Kg5 57. Ke5 Kg6 58.
Kf4 Kh5 59. Kf5 Kh6 60. Kxg4 Kg6 1/2-1/2

[Event "Dubai op 7th"]
[Site "Dubai"]
[Date "2005.04.11"]
[Round "8"]
[White "Aleksandrov, Aleksej"]
[Black "Ibrahimov, Rasul"]
[Result "1-0"]
[WhiteElo "2635"]
[BlackElo "2511"]
[PlyCount "77"]
[EventDate "2005.04.04"]
[EventType "swiss"]
[EventRounds "9"]
[EventCountry "UAE"]
[Source "ChessBase"]
[SourceDate "2005.05.10"]

1. d4 e6 2. c4 Nf6 3. Nc3 Bb4 4. e3 c5 5. Bd3 Nc6 6. Nf3 Bxc3+ 7. bxc3 d6 8.
Nd2 e5 9. O-O O-O 10. Re1 Re8 11. d5 Ne7 12. e4 Kh8 13. Nf1 Nfg8 14. Ng3 Rf8
15. Qc2 b6 16. Rb1 Qc7 17. Rb2 Bd7 18. Qb1 Rae8 19. f3 Qb8 20. Kh1 Qc7 21. Rf2
Rb8 22. Ref1 Rbe8 23. Bd2 f6 24. Bc2 Rf7 25. Ne2 Ng6 26. g3 Ref8 27. f4 exf4
28. gxf4 f5 29. exf5 N6e7 30. f6 Rxf6 31. f5 g6 32. Bg5 R6f7 33. f6 Nf5 34. Nf4
Qc8 35. Re2 Nxf6 36. Qe1 Ng8 37. Kg1 b5 38. Nxg6+ hxg6 39. Qh4+ 1-0

[Event "Sigeman & Co 13th"]
[Site "Copenhagen/Malmoe"]
[Date "2005.04.16"]
[Round "2"]
[White "Hillarp Persson, Tiger"]
[Black "Hansen, Sune Berg"]
[Result "1-0"]
[WhiteElo "2533"]
[BlackElo "2553"]
[PlyCount "73"]
[EventDate "2005.04.15"]
[EventType "tourn"]
[EventRounds "9"]
[EventCountry "DEN"]
[EventCategory "13"]
[Source "ChessBase"]
[SourceDate "2005.05.28"]

1. d4 Nf6 2. c4 e6 3. Nc3 Bb4 4. e3 O-O 5. Bd3 c5 6. Nf3 d5 7. O-O dxc4 8. Bxc4
Nbd7 9. Qe2 b6 10. a3 cxd4 11. Nb5 Be7 12. Nbxd4 Bb7 13. b4 a5 14. b5 Qc7 15.
Bb2 Rac8 16. Rac1 Qb8 17. Rfd1 Bd6 18. h3 Rfe8 19. Ba2 Bc5 20. Bb1 Qa8 21. Nc6
Bxc6 22. bxc6 Qxc6 23. Rc4 e5 24. Ba2 Qb7 25. Rh4 Re7 26. g4 h6 27. g5 hxg5 28.
Nxg5 Rce8 29. Qc2 Qc7 30. Rxd7 Qxd7 31. Qg6 Bxe3 32. Rh7 Bxf2+ 33. Kh2 Bg1+ 34.
Kh1 Qc6+ 35. Kxg1 Qc5+ 36. Kf1 Qb5+ 37. Ke1 1-0

[Event "Sigeman & Co 13th"]
[Site "Copenhagen/Malmoe"]
[Date "2005.04.18"]
[Round "4"]
[White "Hillarp Persson, Tiger"]
[Black "Timman, Jan H"]
[Result "1/2-1/2"]
[WhiteElo "2533"]
[BlackElo "2607"]
[PlyCount "41"]
[EventDate "2005.04.15"]
[EventType "tourn"]
[EventRounds "9"]
[EventCountry "DEN"]
[EventCategory "13"]
[Source "ChessBase"]
[SourceDate "2005.05.28"]

1. d4 Nf6 2. c4 e6 3. Nc3 Bb4 4. e3 b6 5. Nge2 Ne4 6. Bd2 Nxd2 7. Qxd2 O-O 8.
a3 Be7 9. Nf4 c6 10. g3 d5 11. cxd5 cxd5 12. Rc1 Nd7 13. Bg2 Ba6 14. Nd3 Rc8
15. O-O Bd6 16. Rfd1 Qe7 17. a4 Bc4 18. Nb5 a5 19. Na7 Rc7 20. Nb5 Rcc8 21. Na7
1/2-1/2

[Event "Sigeman & Co 13th"]
[Site "Copenhagen/Malmoe"]
[Date "2005.04.21"]
[Round "6"]
[White "Hillarp Persson, Tiger"]
[Black "Hansen, Curt"]
[Result "0-1"]
[WhiteElo "2533"]
[BlackElo "2633"]
[PlyCount "108"]
[EventDate "2005.04.15"]
[EventType "tourn"]
[EventRounds "9"]
[EventCountry "DEN"]
[EventCategory "13"]
[Source "ChessBase"]
[SourceDate "2005.05.28"]

1. d4 Nf6 2. c4 e6 3. Nc3 Bb4 4. e3 b6 5. Nge2 Ba6 6. a3 Be7 7. Nf4 d5 8. cxd5
Bxf1 9. Kxf1 exd5 10. g4 g5 11. Nd3 h5 12. gxh5 Rxh5 13. Qf3 Qd7 14. Ne5 g4 15.
Qxf6 Bxf6 16. Nxd7 Nxd7 17. Rg1 c6 18. Rxg4 Rxh2 19. Rg8+ Nf8 20. Ke2 Bh4 21.
Nd1 O-O-O 22. Bd2 Ne6 23. Rxd8+ Kxd8 24. a4 Kd7 25. a5 b5 26. a6 f5 27. Kf1 Bd8
28. Kg1 Bc7 29. Ba5 Ng5 30. Bxc7 Nf3+ 31. Kf1 Kxc7 32. Ke2 Ng5 33. b4 Kb6 34.
Nb2 f4 35. exf4 Ne6 36. Ke3 Rh3+ 37. f3 Ng7 38. Nd3 Nf5+ 39. Kf2 Rh2+ 40. Kg1
Rd2 41. Ne5 Nxd4 42. Kf1 Rc2 43. Ra3 Nf5 44. Ke1 d4 45. Kd1 Rb2 46. Nd3 Ne3+
47. Kc1 Rh2 48. Ne5 Rh1+ 49. Kb2 Nc4+ 50. Nxc4+ bxc4 51. Ra5 d3 52. Kc3 Rc1+
53. Kd2 Rc2+ 54. Kd1 Rb2 0-1

[Event "RUS-chT"]
[Site "Sochi"]
[Date "2005.04.20"]
[Round "2"]
[White "Kharlov, Andrei"]
[Black "Tomashevsky, Evgeny"]
[Result "1/2-1/2"]
[WhiteElo "2628"]
[BlackElo "2524"]
[PlyCount "71"]
[EventDate "2005.04.19"]
[EventType "team"]
[EventRounds "11"]
[EventCountry "RUS"]
[Source "ChessBase"]
[SourceDate "2005.05.28"]

1. d4 Nf6 2. c4 e6 3. Nc3 Bb4 4. e3 O-O 5. Nge2 d5 6. a3 Be7 7. cxd5 Nxd5 8. g3
Nxc3 9. Nxc3 c5 10. d5 exd5 11. Nxd5 Nd7 12. Bg2 Nb6 13. Nxe7+ Qxe7 14. O-O Be6
15. Qc2 Rfd8 16. Bd2 Rd7 17. h3 a5 18. Rfc1 a4 19. Be1 Rc8 20. Qe2 Bb3 21. Rc3
c4 22. Rcc1 f5 23. Qf3 Qe6 24. e4 fxe4 25. Qxe4 Qxe4 26. Bxe4 Re8 27. Bf3 Rf7
28. Rc3 Re5 29. Kg2 Nd5 30. Bxd5 Rxd5 31. Re3 h6 32. Bc3 Bd1 33. g4 h5 34. Kg3
hxg4 35. hxg4 Rfd7 36. Rc1 1/2-1/2

[Event "RUS-chT"]
[Site "Sochi"]
[Date "2005.04.23"]
[Round "5"]
[White "Volkov, Sergey"]
[Black "Onischuk, Alexander"]
[Result "1-0"]
[WhiteElo "2634"]
[BlackElo "2638"]
[PlyCount "55"]
[EventDate "2005.04.19"]
[EventType "team"]
[EventRounds "11"]
[EventCountry "RUS"]
[Source "ChessBase"]
[SourceDate "2005.05.28"]

1. d4 Nf6 2. c4 e6 3. Nc3 Bb4 4. e3 O-O 5. Nge2 d5 6. a3 Be7 7. cxd5 exd5 8. b4
c6 9. Ng3 Re8 10. Bd3 Nbd7 11. O-O Nb6 12. Rb1 Bd6 13. b5 c5 14. dxc5 Bxc5 15.
Na4 Bd6 16. Nxb6 axb6 17. Bb2 Qe7 18. Bxf6 Qxf6 19. Qh5 g6 20. Qxd5 Rd8 21. Qc4
Be6 22. Qc2 Rxa3 23. Be4 Ra2 24. Qc1 Bxg3 25. hxg3 Rdd2 26. Qc7 Rxf2 27. Bxb7
Rac2 28. Qxc2 1-0

[Event "Djakovo op-A"]
[Site "Djakovo"]
[Date "2005.05.02"]
[Round "3"]
[White "Kovacevic, Blazimir"]
[Black "Markus, Robert"]
[Result "1/2-1/2"]
[WhiteElo "2510"]
[BlackElo "2584"]
[PlyCount "35"]
[EventDate "2005.05.01"]
[EventType "swiss"]
[EventRounds "9"]
[EventCountry "CRO"]
[Source "ChessBase"]
[SourceDate "2005.07.11"]

1. d4 Nf6 2. c4 e6 3. Nc3 Bb4 4. e3 b6 5. Nge2 Ba6 6. Qa4 c5 7. a3 cxd4 8. axb4
dxc3 9. Nxc3 O-O 10. Be2 d5 11. b5 Bb7 12. O-O Nbd7 13. Rd1 Qc7 14. cxd5 Nxd5
15. Bd2 Nc5 16. Qa3 Qe5 17. b4 Ne4 18. Nxe4 1/2-1/2

[Event "Djakovo op-A"]
[Site "Djakovo"]
[Date "2005.05.04"]
[Round "5"]
[White "Kovacevic, Blazimir"]
[Black "Azarov, Sergei"]
[Result "1/2-1/2"]
[WhiteElo "2510"]
[BlackElo "2572"]
[PlyCount "101"]
[EventDate "2005.05.01"]
[EventType "swiss"]
[EventRounds "9"]
[EventCountry "CRO"]
[Source "ChessBase"]
[SourceDate "2005.07.11"]

1. d4 Nf6 2. c4 e6 3. Nc3 Bb4 4. e3 O-O 5. Nge2 d5 6. a3 Be7 7. Ng3 a6 8. cxd5
exd5 9. b4 Re8 10. Bd3 Nbd7 11. O-O c6 12. Rb1 b5 13. f3 Nb6 14. Bc2 Nc4 15.
Qd3 Qb6 16. Kh1 Be6 17. Nce2 Rad8 18. h4 Qb8 19. Nf4 Qc8 20. Nge2 g6 21. Nxe6
Qxe6 22. Nf4 Qd7 23. h5 Bd6 24. g4 Bxf4 25. exf4 Nxh5 26. Kg2 Ng7 27. f5 Qe7
28. Rf2 gxf5 29. Bf4 Ne6 30. Qxf5 Nxf4+ 31. Qxf4 Ne3+ 32. Kg3 Qd6 33. Rh1 Nxc2
34. Rxc2 Qxf4+ 35. Kxf4 Rd6 36. Rch2 Rf6+ 37. Kg5 Rg6+ 38. Kf5 Ree6 39. g5 Rg7
40. Rh6 Reg6 41. f4 Kh8 42. Re1 Rg8 43. Reh1 R8g7 44. Re1 Rg8 45. Rh3 Kg7 46.
Reh1 Rh8 47. Rh6 Kg8 48. Rc1 Kg7 49. Rch1 Kg8 50. Rc1 Kg7 51. Rch1 1/2-1/2

[Event "Djakovo op-A"]
[Site "Djakovo"]
[Date "2005.05.05"]
[Round "7"]
[White "Kovacevic, Blazimir"]
[Black "Kovacevic, Aleksandar"]
[Result "1/2-1/2"]
[WhiteElo "2510"]
[BlackElo "2550"]
[PlyCount "64"]
[EventDate "2005.05.01"]
[EventType "swiss"]
[EventRounds "9"]
[EventCountry "CRO"]
[Source "ChessBase"]
[SourceDate "2005.07.11"]

1. d4 Nf6 2. c4 e6 3. Nc3 Bb4 4. e3 O-O 5. Nge2 d5 6. a3 Be7 7. Ng3 Re8 8. cxd5
exd5 9. Bd3 c5 10. dxc5 Bxc5 11. O-O Nc6 12. b4 Bd6 13. Bb2 Be5 14. Na4 Bxb2
15. Nxb2 Bg4 16. Be2 Bxe2 17. Nxe2 Qd6 18. Nd3 Rad8 19. Nc5 Re7 20. Nb3 Ne5 21.
Ng3 g6 22. Nd4 Nc4 23. Rc1 Qb6 24. Qb3 Rc7 25. Rcd1 Nd6 26. Nde2 Rc4 27. Qb2
Nde4 28. Nxe4 dxe4 29. Rxd8+ Qxd8 30. Rc1 Rxc1+ 31. Qxc1 Qd3 32. Nf4 Qd6
1/2-1/2

[Event "FRA-chT Top 16 GpB"]
[Site "Port Barcares"]
[Date "2005.05.06"]
[Round "10"]
[White "Vaisser, Anatoli"]
[Black "Adams, Michael"]
[Result "1/2-1/2"]
[WhiteElo "2581"]
[BlackElo "2737"]
[PlyCount "47"]
[EventDate "2005.05.04"]
[EventType "team"]
[EventRounds "11"]
[EventCountry "FRA"]
[Source "ChessBase"]
[SourceDate "2005.05.28"]

1. d4 Nf6 2. c4 e6 3. Nc3 Bb4 4. e3 O-O 5. Bd3 d5 6. Nf3 c5 7. O-O dxc4 8. Bxc4
Nbd7 9. Qb3 b6 10. d5 Bxc3 11. dxe6 Ba5 12. exd7 Bxd7 13. Ne5 Be8 14. a4 Qc7
15. f4 Rd8 16. Rd1 Rxd1+ 17. Qxd1 Bc6 18. Nxc6 Qxc6 19. Ra3 Qe4 20. Qd3 Qe7 21.
Qe2 Qe4 22. Qd3 Qb7 23. Qe2 Qe4 24. Qd3 1/2-1/2

[Event "SWE-NOR (Men)"]
[Site "Karlstad"]
[Date "2005.05.05"]
[Round "2"]
[White "Hillarp Persson, Tiger"]
[Black "Gausel, Einar"]
[Result "1-0"]
[WhiteElo "2533"]
[BlackElo "2518"]
[PlyCount "87"]
[EventDate "2005.05.04"]
[EventType "team"]
[EventRounds "2"]
[EventCountry "SWE"]
[Source "ChessBase"]
[SourceDate "2005.07.12"]

1. d4 e6 2. c4 Nf6 3. Nc3 Bb4 4. e3 c5 5. Bd3 d5 6. Nf3 O-O 7. O-O dxc4 8. Bxc4
Nbd7 9. a3 cxd4 10. axb4 dxc3 11. bxc3 Qc7 12. Be2 b6 13. Nd4 Bb7 14. Nb5 Qc6
15. Bf3 Qc8 16. Bxb7 Qxb7 17. Nd6 Qc6 18. c4 Rfd8 19. Ra2 a5 20. b5 Qc7 21. Rd2
Nc5 22. Ba3 Rab8 23. h3 Rd7 24. Bxc5 Qxc5 25. Ne4 Rxd2 26. Nxf6+ gxf6 27. Qxd2
Rc8 28. Rc1 a4 29. Qd4 e5 30. Qxc5 Rxc5 31. Kf1 Kf8 32. Ke2 e4 33. Kd2 Rf5 34.
Kc3 Ke7 35. Rc2 Rg5 36. g3 Rg8 37. Kb4 Rd8 38. Kxa4 Rd1 39. c5 Ra1+ 40. Kb4
Rb1+ 41. Kc4 bxc5 42. Kxc5 Kd7 43. Rd2+ Kc7 44. Rd5 1-0

[Event "Bundesliga 0405 playoff"]
[Site "Bremen"]
[Date "2005.05.08"]
[Round "1.5"]
[White "Beliavsky, Alexander G"]
[Black "Babula, Vlastimil"]
[Result "1/2-1/2"]
[WhiteElo "2635"]
[BlackElo "2584"]
[PlyCount "134"]
[EventDate "2005.05.08"]
[EventType "team"]
[EventRounds "1"]
[EventCountry "GER"]
[Source "ChessBase"]
[SourceDate "2005.05.28"]

1. d4 Nf6 2. c4 e6 3. Nc3 Bb4 4. e3 c5 5. Nge2 d5 6. cxd5 Nxd5 7. a3 Nxc3 8.
bxc3 Ba5 9. Bd2 O-O 10. Ng3 cxd4 11. cxd4 e5 12. dxe5 Qc7 13. Bd3 Nc6 14. O-O
Bxd2 15. Qxd2 Nxe5 16. Be4 Be6 17. Rfc1 Nc4 18. Qd3 g6 19. Ne2 Rac8 20. Nd4
Rfd8 21. h4 Bd5 22. Rab1 Qe5 23. Bxd5 Qxd5 24. Qb3 b6 25. a4 Rc5 26. Rd1 Na5
27. Qb2 h5 28. Qa1 Qe5 29. Qa2 Qf6 30. Nf3 Nc6 31. Ng5 Qe7 32. Qb3 Kg7 33. Qb2+
f6 34. Rxd8 Nxd8 35. Rd1 Nc6 36. Nf3 Rc4 37. Qb5 Rc5 38. Qd3 Ne5 39. Nxe5 Rxe5
40. Qd7 Qf7 41. Rd6 Re7 42. Qb5 Rc7 43. Qd3 Qc4 44. Rd7+ Kh6 45. Qxc4 Rxc4 46.
Rxa7 Rxh4 47. f4 g5 48. Ra6 gxf4 49. e4 Rg4 50. Rxb6 Rg3 51. Rxf6+ Kg5 52. Rf5+
Kg4 53. Rf8 Ra3 54. Rg8+ Kh4 55. Kf2 Rxa4 56. Kf3 Ra3+ 57. Kxf4 Rg3 58. Rh8
Rxg2 59. e5 Rf2+ 60. Ke3 Rf1 61. Rg8 Kh3 62. Ke4 h4 63. e6 Kh2 64. Rg4 h3 65.
Ke5 Re1+ 66. Kf5 Rf1+ 67. Rf4 Re1 1/2-1/2

[Event "Vicente Bonil op 29th"]
[Site "Albox"]
[Date "2005.06.05"]
[Round "7"]
[White "Peralta, Fernando"]
[Black "Ponomariov, Ruslan"]
[Result "0-1"]
[WhiteElo "2556"]
[BlackElo "2695"]
[PlyCount "100"]
[EventDate "2005.06.04"]
[EventType "swiss (rapid)"]
[EventRounds "9"]
[EventCountry "ESP"]
[Source "ChessBase"]
[SourceDate "2005.07.11"]

1. d4 Nf6 2. c4 e6 3. Nc3 Bb4 4. e3 c5 5. Nge2 b6 6. a3 Ba5 7. Rb1 Na6 8. f3
Bb7 9. Ng3 O-O 10. Bd3 cxd4 11. exd4 Bxc3+ 12. bxc3 d5 13. O-O dxc4 14. Bxc4
Rc8 15. Qe2 Nb8 16. Bd2 Rxc4 17. Qxc4 Ba6 18. Qa4 Bxf1 19. Nxf1 Qc7 20. Ne3 Nc6
21. Be1 Rc8 22. Bg3 Qd7 23. Qb5 Na5 24. Qxd7 Nxd7 25. Be1 Nf6 26. Kf2 Kf8 27.
Ke2 Ke7 28. Kd3 Nd5 29. Nxd5+ exd5 30. Bg3 Kd7 31. Bf4 Nc4 32. a4 Re8 33. g4
Re6 34. g5 f6 35. h4 Kc6 36. Ra1 a5 37. Rb1 fxg5 38. hxg5 Re7 39. Be5 Nxe5+ 40.
dxe5 Rxe5 41. Rh1 Rxg5 42. Rxh7 Rg3 43. Kc2 Kc5 44. Kb3 d4 45. cxd4+ Kxd4 46.
Rh4+ Ke3 47. Kc4 Rxf3 48. Kb5 g5 49. Rh5 Rf5+ 50. Kxb6 Kf4 0-1

[Event "La Palma op rap"]
[Site "Brena Baja"]
[Date "2005.06.12"]
[Round "7"]
[White "Peralta, Fernando"]
[Black "Kurajica, Bojan"]
[Result "1-0"]
[WhiteElo "2556"]
[BlackElo "2539"]
[PlyCount "61"]
[EventDate "2005.06.12"]
[EventType "swiss (rapid)"]
[EventRounds "9"]
[EventCountry "ESP"]
[Source "ChessBase"]
[SourceDate "2005.07.11"]

1. d4 Nf6 2. c4 e6 3. Nc3 Bb4 4. e3 O-O 5. Bd3 d5 6. Nf3 b6 7. O-O dxc4 8. Bxc4
Bb7 9. a3 Bxc3 10. bxc3 c5 11. Bd3 Be4 12. Bxe4 Nxe4 13. Qd3 Qd5 14. c4 Qb7 15.
d5 exd5 16. cxd5 Re8 17. Bb2 Nd7 18. Nh4 Nef6 19. Rad1 Ne5 20. Qf5 Nfd7 21. Qh3
f6 22. Nf5 Qb8 23. d6 Qb7 24. Qg3 Ng6 25. f3 Kf7 26. Qh3 Kg8 27. Qg3 Kf7 28.
Qg4 Qa6 29. Nh6+ Kf8 30. Qxd7 Qc4 31. Nf5 1-0

[Event "PAL/CSS Freestyle KO"]
[Site "playchess.com"]
[Date "2005.06.19"]
[Round "3.2"]
[White "Kosyrev, Vladimir"]
[Black "Landa, Konstantin"]
[Result "1/2-1/2"]
[WhiteElo "2539"]
[BlackElo "2574"]
[PlyCount "27"]
[EventDate "2005.06.12"]
[EventType "k.o."]
[EventRounds "3"]
[EventCountry "GER"]
[Source "ChessBase"]
[SourceDate "2005.07.11"]

1. d4 Nf6 2. c4 e6 3. Nc3 Bb4 4. e3 O-O 5. Bd3 c5 6. Nf3 d5 7. O-O dxc4 8. Bxc4
Nbd7 9. Qe2 b6 10. a3 cxd4 11. Nb5 Be7 12. Nbxd4 Bb7 13. b4 a6 14. Bb2 1/2-1/2

[Event "Bajada de la Virgen op 3rd"]
[Site "Bajada de la Virgen"]
[Date "2005.06.15"]
[Round "4"]
[White "Peralta, Fernando"]
[Black "Khenkin, Igor"]
[Result "1-0"]
[WhiteElo "2556"]
[BlackElo "2610"]
[PlyCount "83"]
[EventDate "2005.06.13"]
[EventType "swiss"]
[EventRounds "7"]
[EventCountry "ESP"]
[Source "ChessBase"]
[SourceDate "2005.07.11"]

1. d4 Nf6 2. c4 e6 3. Nc3 Bb4 4. e3 O-O 5. Bd3 d5 6. Nf3 c5 7. O-O Nc6 8. a3
Ba5 9. cxd5 exd5 10. dxc5 Bxc3 11. bxc3 Bg4 12. c4 Ne5 13. cxd5 Bxf3 14. gxf3
Qxd5 15. Be2 Qxc5 16. Bb2 Rad8 17. Bd4 Qc8 18. Qb3 Rfe8 19. Rad1 Ng6 20. Kh1 b6
21. Rg1 Qb7 22. Qb2 Rd6 23. Rg5 h6 24. Rg3 Nh5 25. Rg4 f5 26. Rgg1 Nh4 27. e4
Red8 28. Be5 Rxd1 29. Rxd1 Rxd1+ 30. Bxd1 fxe4 31. Qb3+ Kh8 32. Qe6 Kh7 33. Bb3
e3 34. Qg8+ Kg6 35. Bc2+ Kg5 36. Qd8+ Nf6 37. Bxf6+ Kh5 38. Qe8+ g6 39. Qxe3
Qc6 40. Bxh4 Qxc2 41. Bg3 Qc6 42. Qe4 1-0

[Event "EU-ch 6th"]
[Site "Warsaw"]
[Date "2005.06.30"]
[Round "12"]
[White "Kovacevic, Blazimir"]
[Black "Romanishin, Oleg M"]
[Result "1-0"]
[WhiteElo "2510"]
[BlackElo "2559"]
[PlyCount "83"]
[EventDate "2005.06.18"]
[EventType "swiss"]
[EventRounds "13"]
[EventCountry "POL"]
[Source "ChessBase"]
[SourceDate "2005.07.12"]

1. d4 Nf6 2. c4 e6 3. Nc3 Bb4 4. e3 b6 5. Nge2 c5 6. a3 Ba5 7. g3 cxd4 8. exd4
Bb7 9. d5 Bxc3+ 10. Nxc3 O-O 11. Bg2 Qc8 12. Bg5 exd5 13. O-O d4 14. Bxf6 gxf6
15. Ne4 Qd8 16. Qg4+ Kh8 17. Qf5 Kg7 18. Ng5 fxg5 19. Bxb7 Nc6 20. Bxa8 Qxa8
21. Qxg5+ Kh8 22. Qf6+ Kg8 23. Rfe1 Qd8 24. Qxd8 Rxd8 25. Red1 d5 26. Rac1 dxc4
27. Rxc4 Rd6 28. f4 Kg7 29. Kf2 Kf6 30. b4 a6 31. Kf3 Ke6 32. Ke4 Kd7 33. Rdxd4
f5+ 34. Kd3 Nxd4 35. Rxd4 Kc6 36. Rxd6+ Kxd6 37. Kd4 h6 38. a4 Ke6 39. a5 bxa5
40. bxa5 Kd6 41. h3 h5 42. h4 1-0

[Event "EU-ch 6th"]
[Site "Warsaw"]
[Date "2005.07.01"]
[Round "13"]
[White "Beliavsky, Alexander G"]
[Black "Nisipeanu, Liviu Dieter"]
[Result "0-1"]
[WhiteElo "2630"]
[BlackElo "2670"]
[PlyCount "98"]
[EventDate "2005.06.18"]
[EventType "swiss"]
[EventRounds "13"]
[EventCountry "POL"]
[Source "ChessBase"]
[SourceDate "2005.07.12"]

1. d4 Nf6 2. c4 e6 3. Nc3 Bb4 4. e3 O-O 5. a3 Bxc3+ 6. bxc3 c5 7. Bd3 Nc6 8.
Ne2 d6 9. e4 e5 10. O-O h6 11. d5 Ne7 12. f3 Ng6 13. Be3 Nh7 14. Qc2 b6 15. Kh1
Bd7 16. g3 Qc7 17. f4 exf4 18. gxf4 f5 19. Rg1 Nh4 20. e5 dxe5 21. fxe5 Ng5 22.
Bxg5 hxg5 23. Rxg5 Nf3 24. Rg3 Nxe5 25. Rag1 Rf7 26. Nf4 Nxd3 27. Nh5 Ne5 28.
Rxg7+ Rxg7 29. Rxg7+ Kf8 30. Qg2 Ng4 31. Rxg4 fxg4 32. Qf2+ Kg8 33. Qf6 Be8 34.
Qg5+ Kf8 35. Nf4 Bf7 36. Qf6 Ke8 37. d6 Qb7+ 38. Kg1 Qe4 39. d7+ Kxd7 40. Qxf7+
Kc6 41. Qf6+ Kb7 42. Nd5 Qe1+ 43. Kg2 Qe2+ 44. Kg1 Qd1+ 45. Kg2 Qf3+ 46. Qxf3
gxf3+ 47. Kxf3 Rh8 48. Kg3 Ka6 49. Ne7 Re8 0-1

[Event "Minsk automarket op"]
[Site "Minsk"]
[Date "2005.07.16"]
[Round "7"]
[White "Aleksandrov, Aleksej"]
[Black "Shaposhnikov, Evgeny"]
[Result "1-0"]
[WhiteElo "2630"]
[BlackElo "2533"]
[PlyCount "51"]
[EventDate "2005.07.06"]
[EventType "swiss"]
[EventRounds "9"]
[EventCountry "BLR"]
[Source "ChessBase"]
[SourceDate "2005.09.02"]

1. d4 Nf6 2. c4 e6 3. Nc3 Bb4 4. e3 c5 5. Bd3 cxd4 6. exd4 d5 7. cxd5 exd5 8.
Bg5 O-O 9. Nge2 Bg4 10. f3 Be6 11. O-O Nc6 12. Qb3 Be7 13. Rad1 Rb8 14. Bb1 Na5
15. Qc2 g6 16. Nf4 Bf5 17. Qf2 Bxb1 18. Rxb1 Qd6 19. Rfe1 Nc6 20. Nb5 Qd7 21.
Qh4 a6 22. Na7 Bd8 23. Bxf6 Nxa7 24. Re5 Qd6 25. Nxd5 Nc6 26. Rh5 1-0